[Event "ESP-chT Div I 2018"]
[Site "Linares"]
[Date "2018.08.07"]
[Round "2"]
[White "Rodriguez Fontecha, Marcos"]
[Black "Barbot, Pierre"]
[Result "0-1"]
[WhiteElo "2329"]
[BlackElo "2420"]
[Annotator "TA"]
[PlyCount "80"]
[EventDate "2018.08.06"]
[EventType "team-tourn"]
[EventCountry "ESP"]
[SourceTitle "playchess.com"]
[Source "ChessBase"]
[SourceQuality "1"]

{[%evp 9,80,-63,-51,-59,-58,-47,-46,-46,-38,-72,-56,-49,-54,-68,-47,-74,-63,-62,12,-25,-18,-73,-50,-60,-28,-19,0,0,0,0,0,0,0,0,6,0,0,0,0,-122,-138,-234,-238,-248,-248,-226,-221,-259,-193,-161,-103,-98,-100,-132,-106,-116,-104,-1048,-1029,-6107,-6107,-5662,-6103,-5284,-5281,-5768,-5768,-5106,-1503,-29972,-29974,-29971,-29970]} 1. Nf3 Nf6 2. g3 d5 3. Bg2 Nbd7 4. b3 (4. O-O e5 5. d3 Bd6 6. Nc3 c6 7. e4 h6 8. Nh4 Nb6 9. a4 Bg4 10. Bf3 Be6 11. a5 Nbd7 12. a6 b6 13. d4 O-O 14. exd5 cxd5 15. dxe5 Nxe5 {½-½ (108) Naroditsky,D (2619)-Boruchovsky,A (2542) chess.com INT 2018}) 4... e5 {[%cal Be7e5,Be5e4][%mdl 32]} 5. Bb2 $146 ({Vorgänger:} 5. O-O Be7 6. Bb2 e4 7. Ne1 c6 8. d3 exd3 9. cxd3 O-O 10. e4 dxe4 11. dxe4 Qc7 {1-0 (27) Lavrov,V (1984)-Kolosov,A (1918) Uljanovsk 2009}) 5... e4 $1 {[%cal Re4f3]} 6. Ne5 {A07: Barcza-System (Königsfianchetto mit möglichen Übergängen in andere Systeme)} Nxe5 7. Bxe5 Bd6 8. Bxd6 {Schwarz steht etwas besser.} Qxd6 9. e3 h5 10. h3 Bf5 11. Nc3 O-O-O 12. Qc1 a6 13. Ne2 c5 (13... Kb8 $15) 14. Qa3 Kb8 {[#]} 15. O-O-O (15. b4 $1 $11 {[%mdl 512]}) 15... Qe5 {[%cal Re5a1]} 16. Qb2 d4 17. b4 Qe7 {Droht stark ...d3.} (17... cxb4 {seems wilder.} 18. Nxd4 Qa5 19. Nb3 Qb6 20. Kb1 Be6) 18. bxc5 dxe3 19. dxe3 Qxc5 20. Rd4 Rxd4 21. Nxd4 Ka8 22. Rd1 Bc8 23. Nb3 Qc7 24. Rd4 (24. h4 $11 {hält das Gleichgewicht.}) 24... h4 $1 $17 {[%cal Bh5h4,Bh4g3,Bg3f2][%mdl 32]} 25. Nd2 (25. Bf1 $17) 25... hxg3 $19 26. Rc4 {[#]} Qb8 $1 27. Nxe4 Nxe4 ({Keinesfalls} 27... Bxh3 28. Bxh3 Nxe4 29. Bg2 $17) 28. Rxe4 gxf2 ({Bloß nicht} 28... Bxh3 29. Bxh3 Rxh3 30. fxg3 $17) 29. Re7 {[#]} Rxh3 (29... f5 $1 $19 {[%cal Rf5f4] Und ...f4 würde nun gewinnen.} 30. Qxg7 Rd8) 30. Rxf7 $17 Rxe3 31. Qb6 Re1+ 32. Kd2 {Droht Matt per Dxa6+.} Re6 33. Qxf2 $2 {[%mdl 8192]} (33. Qc5 $17) 33... Qd6+ $19 (33... Qe5 $2 34. c4 $19) 34. Kc1 Qa3+ 35. Kd1 Rd6+ 36. Ke2 Qc3 {( -> ...Td2+)} 37. Bxb7+ Bxb7 38. Rf8+ Bc8 39. Qg2+ Kb8 40. Qe4 Rd2+ {Precision: Weiß = 41%, Schwarz = 71%.} 0-1

[Event "ESP-chT Div I 2018"]
[Site "Linares"]
[Date "2018.08.07"]
[Round "2"]
[White "Cano Sanchez, Josue"]
[Black "Shvayger, Yuliya"]
[Result "1/2-1/2"]
[WhiteElo "2312"]
[BlackElo "2390"]
[Annotator "NA"]
[PlyCount "90"]
[EventDate "2018.08.06"]
[EventType "team-tourn"]
[EventCountry "ESP"]
[SourceTitle "playchess.com"]
[Source "ChessBase"]
[SourceQuality "1"]
[TimeControl "40/5400+30:1800+30"]

1. d4 {[%emt 0:00:00]} Nf6 {[%emt 0:00:00]} 2. Nf3 {[%emt 0:00:00]} g6 {[%emt 0:00:43]} 3. Bg5 {[%emt 0:00:12]} Bg7 {[%emt 0:01:38]} 4. Nbd2 {[%emt 0:00:17]} O-O {[%emt 0:02:04]} 5. c3 {[%emt 0:02:24]} d6 {[%emt 0:07:43]} 6. e4 {[%emt 0:00:41]} c5 {[%emt 0:02:46]} 7. dxc5 {[%emt 0:00:32]} dxc5 {[%emt 0:00:55]} 8. Bc4 {[%emt 0:00:23]} Nc6 {[%emt 0:07:53]} 9. Qe2 {[%emt 0:09:02]} Qc7 {[%emt 0:16:48]} 10. O-O {[%emt 0:06:43]} Na5 {[%emt 0:04:55]} 11. Bd3 {[%emt 0:05:40]} Be6 {[%emt 0:01:43]} 12. Nc4 {[%emt 0:01:14]} h6 {[%emt 0:06:39]} 13. Bxf6 {[%emt 0:04:46]} Bxf6 {[%emt 0:04:35]} 14. Nxa5 {[%emt 0:00:31]} Qxa5 {[%emt 0:00:03]} 15. Bc4 {[%emt 0:00:40]} Qb6 {[%emt 0:02:28]} 16. Bxe6 {[%emt 0:09:19]} Qxe6 {[%emt 0:00:03]} 17. Nd2 {[%emt 0:13:52]} Rfd8 {[%emt 0:02:23]} 18. Rfd1 {[%emt 0:03:15]} Bg7 {[%emt 0:01:00]} 19. a4 {[%emt 0:14:24]} Rd7 {[%emt 0:00:51]} 20. Nc4 {[%emt 0:00:59]} Rad8 {[%emt 0:00:47]} 21. Rxd7 {[%emt 0:01:09]} Rxd7 {[%emt 0:01:45]} 22. f3 {[%emt 0:03:00]} f5 {[%emt 0:08:26]} 23. Re1 {[%emt 0:01:28]} fxe4 {[%emt 0:02:35]} 24. Qxe4 {[%emt 0:00:11]} Qxe4 {[%emt 0:00:09]} 25. Rxe4 {[%emt 0:00:10]} Kf7 {[%emt 0:06:42]} 26. Kf2 {[%emt 0:01:27]} b6 {[%emt 0:01:03]} 27. Re1 {[%emt 0:04:41]} Rb7 {[%emt 0:02:34]} 28. Ke2 {[%emt 0:03:01]} a6 {[%emt 0:00:45]} 29. Kd3 {[%emt 0:00:25]} Bf6 {[%emt 0:09:13]} 30. Kc2 {[%emt 0:00:42]} h5 {[%emt 0:00:36]} 31. Nd2 {[%emt 0:02:37]} Rd7 {[%emt 0:02:54]} 32. Ne4 {[%emt 0:00:28]} c4 {[%emt 0:00:06]} 33. Nd2 {[%emt 0:02:30]} b5 {[%emt 0:00:11]} 34. axb5 {[%emt 0:00:54]} axb5 {[%emt 0:00:01]} 35. Ne4 {[%emt 0:00:24]} Rb7 {[%emt 0:00:46]} 36. Ra1 {[%emt 0:01:15]} Be5 {[%emt 0:03:10]} 37. g3 {[%emt 0:00:27]} h4 {[%emt 0:00:34]} 38. Ra6 {[%emt 0:01:20]} hxg3 {[%emt 0:00:34]} 39. hxg3 {[%emt 0:00:07]} Rb8 {[%emt 0:00:10]} 40. Ng5+ {[%emt 0:02:19]} Kg7 {[%emt 0:00:03]} 41. Ne6+ {[%emt 0:30:36]} Kf7 {[%emt 0:30:11]} 42. Ng5+ {[%emt 0:01:10]} Kg7 {[%emt 0:00:01]} 43. Ne6+ {[%emt 0:00:16]} Kf7 {[%emt 0:00:01]} 44. Ng5+ {[%emt 0:00:18]} Kg7 {[%emt 0:00:01]} 45. Ne6+ {[%emt 0:00:19]} Kf7 1/2-1/2

[Event "ESP-chT Div I 2018"]
[Site "Linares"]
[Date "2018.08.07"]
[Round "2"]
[White "Ortega Ruiz, Jose Miguel"]
[Black "Garcia Castany Musellas, Gal La"]
[Result "1-0"]
[WhiteElo "2280"]
[BlackElo "2203"]
[Annotator "NA"]
[PlyCount "82"]
[EventDate "2018.08.06"]
[EventType "team-tourn"]
[EventCountry "ESP"]
[SourceTitle "playchess.com"]
[Source "ChessBase"]
[SourceQuality "1"]
[TimeControl "40/5400+30:1800+30"]

1. e4 {[%emt 0:00:00]} e5 {[%emt 0:00:00]} 2. Nf3 {[%emt 0:00:00]} Nc6 {[%emt 0:00:06]} 3. Bb5 {[%emt 0:00:15]} a6 {[%emt 0:00:31]} 4. Ba4 {[%emt 0:00:07]} Nge7 {[%emt 0:01:09]} 5. c3 {[%emt 0:02:06]} g6 {[%emt 0:00:42]} 6. d4 {[%emt 0:00:16]} exd4 {[%emt 0:00:20]} 7. cxd4 {[%emt 0:00:05]} Bg7 {[%emt 0:00:20]} 8. d5 {[%emt 0:00:46]} b5 {[%emt 0:03:18]} 9. Bc2 {[%emt 0:00:58]} Na5 {[%emt 0:00:41]} 10. Bd2 {[%emt 0:00:16]} c5 {[%emt 0:03:18]} 11. d6 {[%emt 0:12:40]} Nec6 {[%emt 0:05:01]} 12. Bc3 {[%emt 0:00:05]} O-O {[%emt 0:10:52]} 13. O-O {[%emt 0:02:02]} Bb7 {[%emt 0:10:27]} 14. Bxg7 {[%emt 0:02:14]} Kxg7 {[%emt 0:00:09]} 15. Nc3 {[%emt 0:00:03]} Nb4 {[%emt 0:06:27]} 16. Bb1 {[%emt 0:00:59]} Nc4 {[%emt 0:03:46]} 17. a3 {[%emt 0:08:47]} Nc6 {[%emt 0:01:01]} 18. Ba2 {[%emt 0:00:23]} Qf6 {[%emt 0:21:07]} 19. Bxc4 {[%emt 0:08:20]} bxc4 {[%emt 0:00:05]} 20. Na4 {[%emt 0:01:47]} Ne5 {[%emt 0:06:16]} 21. Nxc5 {[%emt 0:00:09]} Bc6 {[%emt 0:00:03]} 22. Nd4 {[%emt 0:03:09]} Nd3 {[%emt 0:06:07]} 23. Nxc6 {[%emt 0:02:07]} Nxc5 {[%emt 0:01:04]} 24. Na5 {[%emt 0:00:04]} Nxe4 {[%emt 0:01:32]} 25. Nxc4 {[%emt 0:00:19]} Rac8 {[%emt 0:01:04]} 26. Nb6 {[%emt 0:05:29]} Rcd8 {[%emt 0:02:10]} 27. Nc4 {[%emt 0:03:10]} Rc8 {[%emt 0:00:04]} 28. Qd5 {[%emt 0:04:41]} Rfe8 {[%emt 0:03:57]} 29. Rad1 {[%emt 0:02:28]} Rc6 {[%emt 0:03:19]} 30. f3 {[%emt 0:03:13]} Ng5 {[%emt 0:03:29]} 31. Rfe1 {[%emt 0:02:12]} Rxe1+ {[%emt 0:02:29]} 32. Rxe1 {[%emt 0:00:03]} Ne6 {[%emt 0:01:30]} 33. b3 {[%emt 0:04:43]} Rc5 {[%emt 0:03:19]} 34. Qe4 {[%emt 0:02:02]} Nd4 {[%emt 0:00:05]} 35. Re3 {[%emt 0:02:08]} Nf5 {[%emt 0:01:10]} 36. Rd3 {[%emt 0:05:30]} Qa1+ {[%emt 0:00:08]} 37. Kf2 {[%emt 0:00:03]} Qa2+ {[%emt 0:00:34]} 38. Qe2 {[%emt 0:00:18]} Qa1 {[%emt 0:00:45]} 39. Qe1 {[%emt 0:03:01]} Qf6 {[%emt 0:00:12]} 40. Kg1 {[%emt 0:00:51]} Nd4 {[%emt 0:00:47]} 41. Qd1 {[%emt 0:30:21]} Nf5 1-0

[Event "ESP-chT Div I 2018"]
[Site "Linares"]
[Date "2018.08.07"]
[Round "2"]
[White "Rivas Garcia, Victor"]
[Black "Martin Duque, Jesus"]
[Result "0-1"]
[WhiteElo "2217"]
[BlackElo "2378"]
[Annotator "NA"]
[PlyCount "86"]
[EventDate "2018.08.06"]
[EventType "team-tourn"]
[EventCountry "ESP"]
[SourceTitle "playchess.com"]
[Source "ChessBase"]
[SourceQuality "1"]
[TimeControl "40/5400+30:1800+30"]

1. e4 {[%emt 0:00:00]} e5 {[%emt 0:00:00]} 2. Bc4 {[%emt 0:00:15]} Nf6 {[%emt 0:00:00]} 3. d3 {[%emt 0:00:09]} Nc6 {[%emt 0:00:00]} 4. Nf3 {[%emt 0:00:08]} Bc5 {[%emt 0:00:00]} 5. c3 {[%emt 0:00:31]} O-O {[%emt 0:00:03]} 6. Bb3 {[%emt 0:00:34]} h6 {[%emt 0:00:05]} 7. h3 {[%emt 0:01:00]} d5 {[%emt 0:00:20]} 8. exd5 {[%emt 0:00:42]} Nxd5 {[%emt 0:00:04]} 9. O-O {[%emt 0:00:34]} Bf5 {[%emt 0:00:01]} 10. Re1 {[%emt 0:02:24]} Qd6 {[%emt 0:00:15]} 11. Bc2 {[%emt 0:13:37]} Rfe8 {[%emt 0:01:31]} 12. Nbd2 {[%emt 0:01:40]} Qd7 {[%emt 0:15:06]} 13. Ne4 {[%emt 0:09:14]} Bb6 {[%emt 0:07:07]} 14. Bb3 {[%emt 0:11:07]} Nf4 {[%emt 0:06:50]} 15. Bxf4 {[%emt 0:03:07]} exf4 {[%emt 0:00:02]} 16. Qd2 {[%emt 0:02:50]} Bxe4 {[%emt 0:02:43]} 17. Rxe4 {[%emt 0:01:23]} Rxe4 {[%emt 0:00:02]} 18. dxe4 {[%emt 0:00:14]} Qxd2 {[%emt 0:00:10]} 19. Nxd2 {[%emt 0:00:07]} Ne5 {[%emt 0:00:35]} 20. Rd1 {[%emt 0:15:36]} Rd8 {[%emt 0:06:36]} 21. Kf1 {[%emt 0:00:57]} g5 {[%emt 0:00:51]} 22. Ke2 {[%emt 0:02:36]} g4 {[%emt 0:03:18]} 23. f3 {[%emt 0:01:39]} g3 {[%emt 0:03:34]} 24. Bd5 {[%emt 0:04:08]} Ng6 {[%emt 0:05:59]} 25. Nc4 {[%emt 0:04:08]} Kg7 {[%emt 0:00:39]} 26. Nxb6 {[%emt 0:01:24]} axb6 {[%emt 0:00:21]} 27. Rd4 {[%emt 0:00:48]} c6 {[%emt 0:04:40]} 28. Bb3 {[%emt 0:00:15]} Rxd4 {[%emt 0:01:26]} 29. cxd4 {[%emt 0:00:05]} c5 {[%emt 0:00:02]} 30. d5 {[%emt 0:02:34]} Ne5 {[%emt 0:01:13]} 31. d6 {[%emt 0:00:47]} Kf8 {[%emt 0:00:38]} 32. Bd5 {[%emt 0:01:01]} Ke8 {[%emt 0:00:08]} 33. b3 {[%emt 0:00:30]} Kd7 {[%emt 0:03:08]} 34. Bxb7 {[%emt 0:00:37]} Kxd6 {[%emt 0:00:03]} 35. Bd5 {[%emt 0:00:12]} f6 {[%emt 0:03:27]} 36. Bc4 {[%emt 0:00:28]} Kc6 {[%emt 0:01:21]} 37. Ke1 {[%emt 0:01:01]} b5 {[%emt 0:01:31]} 38. Be2 {[%emt 0:00:12]} b4 {[%emt 0:05:18]} 39. Kd2 {[%emt 0:00:21]} c4 {[%emt 0:00:36]} 40. Bxc4 {[%emt 0:08:51]} Nxf3+ {[%emt 0:00:09]} 41. Ke2 {[%emt 0:30:15]} Ne5 {[%emt 0:30:19]} 42. Kd2 {[%emt 0:05:51]} Nxc4+ {[%emt 0:01:05]} 43. bxc4 {[%emt 0:00:08]} f3 {[%emt 0:00:01]} 0-1

[Event "ESP-chT Div I 2018"]
[Site "Linares"]
[Date "2018.08.07"]
[Round "2"]
[White "Vega Gutierrez, Belinda Vidina"]
[Black "Prado Acebo, Ines"]
[Result "0-1"]
[WhiteElo "2165"]
[BlackElo "2084"]
[Annotator "NA"]
[PlyCount "120"]
[EventDate "2018.08.06"]
[EventType "team-tourn"]
[EventCountry "ESP"]
[SourceTitle "playchess.com"]
[Source "ChessBase"]
[SourceQuality "1"]
[TimeControl "40/5400+30:1800+30"]

1. e4 {[%emt 0:00:00]} e6 {[%emt 0:00:00]} 2. d4 {[%emt 0:00:00]} d5 {[%emt 0:00:00]} 3. Nd2 {[%emt 0:00:00]} Be7 {[%emt 0:00:45]} 4. Ngf3 {[%emt 0:00:22]} Nf6 {[%emt 0:00:19]} 5. e5 {[%emt 0:03:00]} Nfd7 {[%emt 0:00:07]} 6. Bd3 {[%emt 0:01:06]} c5 {[%emt 0:00:11]} 7. O-O {[%emt 0:03:26]} cxd4 {[%emt 0:04:49]} 8. Re1 {[%emt 0:00:53]} Nc6 {[%emt 0:01:01]} 9. Nb3 {[%emt 0:06:37]} Qc7 {[%emt 0:11:45]} 10. Bf4 {[%emt 0:09:38]} Bb4 {[%emt 0:06:44]} 11. Re2 {[%emt 0:06:39]} Qb6 {[%emt 0:09:50]} 12. h4 {[%emt 0:15:36]} a6 {[%emt 0:12:56]} 13. h5 {[%emt 0:11:50]} Qa7 {[%emt 0:04:06]} 14. g3 {[%emt 0:06:37]} b5 {[%emt 0:07:22]} 15. Kg2 {[%emt 0:13:27]} Bb7 {[%emt 0:12:18]} 16. Qh1 {[%emt 0:00:43]} Qb6 {[%emt 0:01:11]} 17. Qh4 {[%emt 0:01:45]} Nc5 {[%emt 0:04:41]} 18. Nxc5 {[%emt 0:00:59]} Bxc5 {[%emt 0:00:04]} 19. Qg5 {[%emt 0:03:15]} Bf8 {[%emt 0:02:39]} 20. Bd2 {[%emt 0:01:51]} Rc8 {[%emt 0:04:49]} 21. Qf4 {[%emt 0:01:48]} h6 {[%emt 0:04:40]} 22. g4 {[%emt 0:05:08]} Be7 {[%emt 0:04:22]} 23. Rh1 {[%emt 0:02:54]} Qc7 {[%emt 0:01:15]} 24. g5 {[%emt 0:01:26]} Kd7 {[%emt 0:00:40]} 25. Rh3 {[%emt 0:02:28]} Rcf8 {[%emt 0:00:59]} 26. gxh6 {[%emt 0:00:34]} gxh6 {[%emt 0:00:39]} 27. Rg3 {[%emt 0:00:04]} f6 {[%emt 0:02:37]} 28. Rg6 {[%emt 0:01:08]} fxe5 {[%emt 0:01:21]} 29. Qg4 {[%emt 0:00:01]} Rf6 {[%emt 0:01:24]} 30. Bxh6 {[%emt 0:01:04]} Rxh6 {[%emt 0:00:17]} 31. Rxh6 {[%emt 0:00:16]} Rxh6 {[%emt 0:00:02]} 32. Qg7 {[%emt 0:00:44]} Rxh5 {[%emt 0:00:25]} 33. Bg6 {[%emt 0:00:02]} e4 {[%emt 0:00:25]} 34. Bxh5 {[%emt 0:00:18]} exf3+ {[%emt 0:00:13]} 35. Bxf3 {[%emt 0:00:08]} Qf4 {[%emt 0:00:54]} 36. Bg4 {[%emt 0:00:55]} Nd8 {[%emt 0:00:09]} 37. f3 {[%emt 0:00:24]} Qf6 {[%emt 0:01:15]} 38. Qh7 {[%emt 0:00:15]} Bc8 {[%emt 0:00:12]} 39. Qd3 {[%emt 0:01:21]} Kc7 {[%emt 0:00:21]} 40. Qb3 {[%emt 0:00:33]} Bd6 {[%emt 0:00:35]} 41. a4 {[%emt 0:30:23]} Qf4 {[%emt 0:31:04]} 42. axb5 {[%emt 0:00:32]} Qh2+ {[%emt 0:00:40]} 43. Kf1 {[%emt 0:00:01]} Qh1+ {[%emt 0:00:01]} 44. Kf2 {[%emt 0:00:02]} Be7 {[%emt 0:00:56]} 45. Kg3 {[%emt 0:01:34]} Bd6+ {[%emt 0:00:40]} 46. Kf2 {[%emt 0:00:09]} Qh4+ {[%emt 0:00:29]} 47. Kf1 {[%emt 0:00:27]} Bg3 {[%emt 0:00:30]} 48. Rg2 {[%emt 0:00:02]} axb5 {[%emt 0:00:33]} 49. Qxb5 {[%emt 0:00:16]} Nc6 {[%emt 0:00:13]} 50. Qc5 {[%emt 0:01:07]} Qh1+ {[%emt 0:00:33]} 51. Rg1 {[%emt 0:00:04]} Ba6+ {[%emt 0:00:06]} 52. c4 {[%emt 0:00:27]} Bxc4+ {[%emt 0:00:09]} 53. Qxc4 {[%emt 0:00:02]} Qxg1+ {[%emt 0:00:07]} 54. Kxg1 {[%emt 0:00:02]} dxc4 {[%emt 0:00:08]} 55. Bxe6 {[%emt 0:00:04]} Ne5 {[%emt 0:00:41]} 56. Kf1 {[%emt 0:00:13]} Kd6 {[%emt 0:01:00]} 57. Bg8 {[%emt 0:00:17]} Bf4 {[%emt 0:00:16]} 58. Ke2 {[%emt 0:00:08]} Kc5 {[%emt 0:00:11]} 59. Kd1 {[%emt 0:02:04]} Kb4 {[%emt 0:00:08]} 60. Kc2 {[%emt 0:00:45]} d3+ {[%emt 0:00:36]} 0-1

[Event "ESP-chT Div I 2018"]
[Site "Linares"]
[Date "2018.08.07"]
[Round "2"]
[White "Garcia Perez, Javier"]
[Black "Gutierrez Olivares, Daniel"]
[Result "0-1"]
[WhiteElo "2090"]
[BlackElo "2297"]
[Annotator "NA"]
[PlyCount "38"]
[EventDate "2018.08.06"]
[EventType "team-tourn"]
[EventCountry "ESP"]
[SourceTitle "playchess.com"]
[Source "ChessBase"]
[SourceQuality "1"]
[TimeControl "40/5400+30:1800+30"]

1. e4 {[%emt 0:00:00]} d6 {[%emt 0:00:00]} 2. d4 {[%emt 0:00:00]} Nf6 {[%emt 0:00:20]} 3. Nc3 {[%emt 0:00:02]} e5 {[%emt 0:00:32]} 4. Nf3 {[%emt 0:00:13]} Nbd7 {[%emt 0:00:19]} 5. Bc4 {[%emt 0:00:42]} Be7 {[%emt 0:00:38]} 6. O-O {[%emt 0:00:33]} O-O {[%emt 0:00:27]} 7. Re1 {[%emt 0:00:43]} c6 {[%emt 0:01:05]} 8. a4 {[%emt 0:01:11]} exd4 {[%emt 0:02:13]} 9. Nxd4 {[%emt 0:00:24]} Ne5 {[%emt 0:01:51]} 10. Ba2 {[%emt 0:03:09]} Re8 {[%emt 0:00:54]} 11. h3 {[%emt 0:00:40]} Bd7 {[%emt 0:02:03]} 12. f4 {[%emt 0:28:46]} Ng6 {[%emt 0:00:08]} 13. g4 {[%emt 0:00:06]} h6 {[%emt 0:40:48]} 14. Qf3 {[%emt 0:25:11]} d5 {[%emt 0:13:45]} 15. exd5 {[%emt 0:06:29]} Qb6 {[%emt 0:00:47]} 16. Be3 {[%emt 0:00:34]} Bc5 {[%emt 0:01:33]} 17. a5 {[%emt 0:03:16]} Qb4 {[%emt 0:02:12]} 18. Red1 {[%emt 0:03:48]} Nh4 {[%emt 0:01:47]} 19. Qf2 {[%emt 0:06:35]} Rxe3 {[%emt 0:01:00]} 0-1

[Event "ESP-chT Div I 2018"]
[Site "Linares"]
[Date "2018.08.07"]
[Round "2"]
[White "Martin Capitan, Feliciano"]
[Black "Aranaz Murillo, Amalia"]
[Result "0-1"]
[WhiteElo "2066"]
[BlackElo "2227"]
[Annotator "NA"]
[PlyCount "54"]
[EventDate "2018.08.06"]
[EventType "team-tourn"]
[EventCountry "ESP"]
[SourceTitle "playchess.com"]
[Source "ChessBase"]
[SourceQuality "1"]
[TimeControl "40/5400+30:1800+30"]

1. e4 {[%emt 0:00:00]} c6 {[%emt 0:00:00]} 2. d4 {[%emt 0:00:00]} d5 {[%emt 0:00:00]} 3. exd5 {[%emt 0:00:15]} cxd5 {[%emt 0:00:00]} 4. Bf4 {[%emt 0:06:10]} Nc6 {[%emt 0:01:58]} 5. c3 {[%emt 0:00:52]} Nf6 {[%emt 0:02:36]} 6. Nf3 {[%emt 0:01:24]} Bf5 {[%emt 0:06:00]} 7. Nbd2 {[%emt 0:02:25]} e6 {[%emt 0:01:13]} 8. Qb3 {[%emt 0:03:16]} Qc8 {[%emt 0:08:23]} 9. Nh4 {[%emt 0:04:37]} Bg4 {[%emt 0:02:25]} 10. h3 {[%emt 0:03:05]} Bh5 {[%emt 0:00:07]} 11. g4 {[%emt 0:09:59]} Bg6 {[%emt 0:00:04]} 12. Nxg6 {[%emt 0:02:15]} hxg6 {[%emt 0:00:07]} 13. Bg2 {[%emt 0:00:30]} Qd7 {[%emt 0:07:43]} 14. Nf3 {[%emt 0:09:02]} Ne4 {[%emt 0:12:28]} 15. Ne5 {[%emt 0:06:30]} Nxe5 {[%emt 0:00:42]} 16. Bxe5 {[%emt 0:03:14]} Nd6 {[%emt 0:00:37]} 17. O-O {[%emt 0:08:29]} Nc4 {[%emt 0:05:22]} 18. Rfe1 {[%emt 0:04:24]} Rc8 {[%emt 0:06:11]} 19. f4 {[%emt 0:08:26]} f6 {[%emt 0:13:20]} 20. f5 {[%emt 0:00:25]} fxe5 {[%emt 0:00:39]} 21. fxe6 {[%emt 0:00:27]} Qc6 {[%emt 0:05:19]} 22. Bxd5 {[%emt 0:22:06]} Qxd5 {[%emt 0:02:44]} 23. e7 {[%emt 0:01:28]} Bxe7 {[%emt 0:03:09]} 24. Rxe5 {[%emt 0:00:21]} Qf3 {[%emt 0:03:01]} 25. Qb5+ {[%emt 0:00:37]} Qc6 {[%emt 0:00:25]} 26. Rxe7+ {[%emt 0:01:32]} Kxe7 {[%emt 0:00:05]} 27. Re1+ {[%emt 0:00:52]} Kd7 {[%emt 0:00:27]} 0-1

[Event "ESP-chT Div I 2018"]
[Site "Linares"]
[Date "2018.08.07"]
[Round "2"]
[White "Rodrigo Yanguas, Maria"]
[Black "Bermudez Revuelta, Paula"]
[Result "1-0"]
[WhiteElo "2062"]
[BlackElo "1887"]
[Annotator "NA"]
[PlyCount "115"]
[EventDate "2018.08.06"]
[EventType "team-tourn"]
[EventCountry "ESP"]
[SourceTitle "playchess.com"]
[Source "ChessBase"]
[SourceQuality "1"]
[TimeControl "40/5400+30:1800+30"]

1. Nf3 {[%emt 0:00:00]} Nf6 {[%emt 0:00:00]} 2. g3 {[%emt 0:00:00]} c5 {[%emt 0:00:28]} 3. Bg2 {[%emt 0:00:00]} g6 {[%emt 0:00:07]} 4. c4 {[%emt 0:01:35]} Bg7 {[%emt 0:00:08]} 5. O-O {[%emt 0:00:16]} d5 {[%emt 0:00:14]} 6. d4 {[%emt 0:06:34]} cxd4 {[%emt 0:06:05]} 7. cxd5 {[%emt 0:04:16]} Nxd5 {[%emt 0:01:26]} 8. Nxd4 {[%emt 0:01:49]} O-O {[%emt 0:01:49]} 9. Nb5 {[%emt 0:02:48]} Nb4 {[%emt 0:05:20]} 10. Qb3 {[%emt 0:06:14]} Qa5 {[%emt 0:07:11]} 11. N1a3 {[%emt 0:16:45]} a6 {[%emt 0:10:02]} 12. Bd2 {[%emt 0:07:47]} axb5 {[%emt 0:08:07]} 13. Bxb4 {[%emt 0:01:17]} Qa4 {[%emt 0:03:56]} 14. Rad1 {[%emt 0:03:28]} Qxb3 {[%emt 0:06:10]} 15. axb3 {[%emt 0:00:15]} Bxb2 {[%emt 0:05:02]} 16. Nxb5 {[%emt 0:00:35]} Bf6 {[%emt 0:15:21]} 17. Nc7 {[%emt 0:01:40]} Ra2 {[%emt 0:01:36]} 18. Nd5 {[%emt 0:05:30]} Re8 {[%emt 0:00:45]} 19. Bxe7 {[%emt 0:07:26]} Bxe7 {[%emt 0:03:53]} 20. Nxe7+ {[%emt 0:00:04]} Rxe7 {[%emt 0:00:40]} 21. Rd8+ {[%emt 0:00:06]} Kg7 {[%emt 0:00:07]} 22. Rxc8 {[%emt 0:00:05]} Nc6 {[%emt 0:00:42]} 23. e3 {[%emt 0:05:38]} Rb2 {[%emt 0:01:12]} 24. Bd5 {[%emt 0:01:32]} Rd7 {[%emt 0:01:56]} 25. e4 {[%emt 0:05:14]} Nd4 {[%emt 0:01:24]} 26. Rd1 {[%emt 0:00:54]} Nf3+ {[%emt 0:02:51]} 27. Kg2 {[%emt 0:00:55]} Ne5 {[%emt 0:01:23]} 28. h3 {[%emt 0:01:34]} Re2 {[%emt 0:04:56]} 29. Re8 {[%emt 0:03:52]} Nc6 {[%emt 0:01:09]} 30. Kf3 {[%emt 0:00:14]} Rb2 {[%emt 0:00:54]} 31. Ke3 {[%emt 0:01:46]} Nb4 {[%emt 0:02:09]} 32. Kd4 {[%emt 0:08:38]} Rxf2 {[%emt 0:01:58]} 33. Kc5 {[%emt 0:01:53]} Nc6 {[%emt 0:02:07]} 34. Rc1 {[%emt 0:00:32]} Rf3 {[%emt 0:01:03]} 35. Bxc6 {[%emt 0:02:02]} Rc7 {[%emt 0:00:56]} 36. Kd6 {[%emt 0:01:49]} Rxc6+ {[%emt 0:00:13]} 37. Rxc6 {[%emt 0:00:04]} Rd3+ {[%emt 0:02:38]} 38. Ke7 {[%emt 0:02:50]} bxc6 {[%emt 0:00:01]} 39. Rf8 {[%emt 0:00:15]} f5 {[%emt 0:01:59]} 40. Rf7+ {[%emt 0:00:21]} Kg8 {[%emt 0:01:04]} 41. Rf8+ {[%emt 0:30:12]} Kg7 {[%emt 0:30:04]} 42. Rf7+ {[%emt 0:00:29]} Kg8 {[%emt 0:00:13]} 43. e5 {[%emt 0:01:13]} Rxb3 {[%emt 0:00:40]} 44. Kf6 {[%emt 0:00:22]} c5 {[%emt 0:00:41]} 45. e6 {[%emt 0:00:23]} Rb6 {[%emt 0:00:18]} 46. Rc7 {[%emt 0:00:23]} h5 {[%emt 0:00:48]} 47. Rxc5 {[%emt 0:00:26]} h4 {[%emt 0:00:34]} 48. gxh4 {[%emt 0:00:39]} f4 {[%emt 0:00:07]} 49. Rc4 {[%emt 0:00:32]} f3 {[%emt 0:01:14]} 50. Rf4 {[%emt 0:00:04]} Kf8 {[%emt 0:00:38]} 51. Rxf3 {[%emt 0:00:08]} Ke8 {[%emt 0:00:36]} 52. Ra3 {[%emt 0:00:30]} Kd8 {[%emt 0:00:10]} 53. Ra7 {[%emt 0:00:36]} Kc8 {[%emt 0:00:47]} 54. Kf7 {[%emt 0:00:16]} Rb4 {[%emt 0:00:21]} 55. e7 {[%emt 0:00:50]} Rf4+ {[%emt 0:00:33]} 56. Kxg6 {[%emt 0:00:13]} Re4 {[%emt 0:00:13]} 57. e8=Q+ {[%emt 0:00:23]} Rxe8 {[%emt 0:00:06]} 58. Ra8+ {[%emt 0:00:03]} 1-0